FUNDAMENTAL OF EXPERIMENTAL PHARMACOLOGY (Record no. 265762)

MARC details
000 -LEADER
fixed length control field 00372pam a2200145a 44500
008 - FIXED-LENGTH DATA ELEMENTS--GENERAL INFORMATION
fixed length control field 230405s xxu||||| |||| 00| 0 eng d
041 ## - LANGUAGE CODE
Language code of text/sound track or separate title ENG
100 ## - MAIN ENTRY--PERSONAL NAME
Personal name GHOSH M N
245 ## - TITLE STATEMENT
Title FUNDAMENTAL OF EXPERIMENTAL PHARMACOLOGY
250 ## - EDITION STATEMENT
Edition statement 2 1984
260 ## - PUBLICATION, DISTRIBUTION, ETC.
Place of publication, distribution, etc. CALCUTTA
Name of publisher, distributor, etc. SCIENTIFIC BOOK AGENCYPUBLICATION CALCUTTA
Date of publication, distribution, etc.
300 ## - PHYSICAL DESCRIPTION
Extent 230
650 ## - SUBJECT ADDED ENTRY--TOPICAL TERM
Topical term or geographic name entry element PHARMACOLOGY
906 ## - LOCAL DATA ELEMENT F, LDF (RLIN)
a 323
Holdings
Withdrawn status Lost status Damaged status Not for loan Collection Home library Current library Date acquired Source of acquisition Cost, normal purchase price Total Checkouts Full call number Barcode Date due Date last seen Date last checked out Price effective from Koha item type
          College of Pharmacy, Kolhapur College of Pharmacy, Kolhapur 14/04/2023 S K KOTHARI 60.00 1 615 PCK-862 16/04/2026 16/04/2026 16/04/2026 14/04/2023 Book